Name the song from the Eras Tour picture - Taylor Swift - Statistics

General Stats
  • This quiz has been taken 193 times
  • The average score is 15 of 16
Answer Stats
Picture Answer % Correct
All Too Well (10 Minute Version)
98%
The Man
96%
Karma
95%
Look What You Made Me Do
95%
Lover
94%
22
93%
...Ready For It?
93%
Blank Space
92%
champagne problems
91%
Vigilante Shit
91%
Long Live
90%
Tolerate It
90%
Who's Afraid of Little Old Me?
90%
I Can Do It With a Broken Heart
88%
Fearless
87%
my tears ricochet
76%
No matching quizzes found
Score Distribution
Percent of People with Each Score
Percentile by Number Answered
Your Score History
You have not taken this quiz